000 00448nam a2200181Ia 4500
001 22817
005 20260414150856.0
008 260414t1999||||xx |||||||||||||| ||spa||
041 _aESP
082 _a624.15
_bF42
100 _aFernández Sixto, Erasmo
_eAUT
245 0 _aInvestigación del conglomerado colapsable de
_b
260 _c1999
300 _a154 páginas :
_c29 cm.
650 _a0
654 _aCIC
942 _cLIB
_dJUS
_fJUS
_2ddc
_n
999 _c22817
_d22817